000
00303nam a22001457a 4500
008
230413b ||||| |||| 00| 0 eng d
020
_a
9780764434044
041
_a
eng
080
_a
159.9
082
_a
159.9SJO
100
_a
25
101
_a
PSI
245
_a
OUTFLOW
_c
SJOGREN S
942
_2
udc
_c
BK
999
_c
59534
_d
59534